Dangerous thoughts /

Bibliographic Details
Main Author: Hogben, Lancelot Thomas, 1895-1975
Format: Book
Language:English
Published: New York : W. W. Norton & company, inc., [1940]
Subjects:

MARC

Tag First Indicator Second Indicator Subfields
LEADER 00000cam a2200000 4500
001 in00000066644
005 20151007083659.0
008 750321s1940 nyu 00010 eng u
010 |a  40027220  
035 |a (OCoLC)01228464 
035 |9 AAF9723AM 
040 |c OUN  |d TXA  |d UtOrBLW 
049 |a TXAM  |c 2 [146224] 
050 0 0 |a HN27  |b .H65 
082 0 |a 304 
092 |a 304  |b H715d 
100 1 |a Hogben, Lancelot Thomas,  |d 1895-1975. 
245 1 0 |a Dangerous thoughts /  |c by Lancelot Hogben. 
264 1 |a New York :  |b W. W. Norton & company, inc.,  |c [1940] 
264 4 |c [©1940] 
300 |a 283 pages ;  |c 22 cm. 
336 |a text  |b txt  |2 rdacontent 
337 |a unmediated  |b n  |2 rdamedia 
338 |a volume  |b nc  |2 rdacarrier 
500 |a "First edition." 
505 0 |a The creed of a scientific humanist.--John Wilkins, parliamentarian and pioneer of scientific humanism.--Race and prejudice.--The contemporary challenge to freedom of thought.--Sir William Petty and political arithmetic.--Naturalistic studies in the education of the citizen.--Planning for human survival.--Education for an age of plenty.--Clarity is not enough.--Havelock Ellis.--Marxism and the middle classes.--Adult education to-day.--The theoretical leadership of Scottish science in the English industrial revolution.--Science in the school.--The theology of violence.--Epilogue. 
650 0 |a Humanism  |x History  |y 20th century. 
650 0 |a Social problems. 
999 |a MARS 
999 f f |s b93e8c8a-70a6-3424-bdf3-a0ba799e2690  |i 6441e060-fd10-3925-8104-9d8e873252c7  |t 0 
952 f f |p ric  |a Texas A&M University  |b Rellis Campus  |c Joint Library Facility  |d Remote Storage  |t 0  |e HN27 .H65  |h Library of Congress classification  |i unmediated -- volume  |m A14800645140 
998 f f |a HN27 .H65  |t 0  |l Remote Storage